|
|
|
|
| LEADER |
01010pam a2200241 a 4500 |
| 001 |
2367396 |
| 003 |
GR-PaULI |
| 005 |
20210117210641.0 |
| 008 |
840125s1984 enk b 001 0 eng |
| 020 |
|
|
|a 0905273974 (χαρτόδετο)
|
| 040 |
|
|
|a GR-PaULI
|c GR-PaULI
|b gre
|e AACR2
|
| 041 |
0 |
|
|a eng
|
| 082 |
0 |
0 |
|a 370.78
|2 23
|
| 100 |
|
|
|a Popkewitz, Thomas S.
|9 53790
|e συγγραφέας.
|
| 245 |
1 |
0 |
|a Paradigm and ideology in educational research :
|b the social functions of the intellectual /
|c Thomas S. Popkewitz.
|
| 260 |
|
|
|a London ;
|a New York :
|b Falmer Press,
|c 1984.
|
| 300 |
|
|
|a x, 208 σ. ;
|c 24 εκ.
|
| 504 |
|
|
|a Περιλαμβάνει βιβλιογραφία και ευρετήριο.
|
| 650 |
|
4 |
|a Εκπαίδευση
|x Έρευνα
|9 3438
|
| 942 |
|
|
|2 ddc
|c BK15
|
| 952 |
|
|
|0 0
|1 0
|2 ddc
|4 0
|6 370_780000000000000_POP
|7 0
|9 223276
|a PTDE
|b PTDE
|c BSC
|d 2018-06-19
|i 11790
|l 0
|o 370.78 POP
|p 025000211850
|r 2018-06-19 00:00:00
|t 1
|v 2018.00
|w 2018-06-19
|y BK15
|
| 998 |
|
|
|c ΤΣΕΝΕ
|d 2018-03
|
| 999 |
|
|
|c 133542
|d 133542
|